000 00427nam a2200169Ia 4500
008 180921t1976 xxu||||| |||| 00| 0 sin d
041 _asin
080 _a617.3
_bEDI
100 _aEdiriweera, S.A.
245 _aවිකලාංග චිකිත්සාව
246 _aOrthopaedics
260 _b
_c1976
300 _a281p., ill., 22 cm
942 _cBK
999 _c18036
_d18036
003 LK-CoDNM
040 _aLK-CoDNM
_dLK-CoDNM
_eLK-CoDNM